Flags of European Separatist Groups - Statistics

General Stats
  • This quiz has been taken 22 times
    12 since last reset
  • The average score is 19 of 28
Answer Stats
Picture Hint Answer % Correct
Spain Catalonia
100%
Germany Bavaria
89%
France Brittany
89%
Denmark Faroe Islands
89%
Italy Sardinia
89%
United Kingdom Scotland
89%
Spain/France Basque
78%
Russia Chechnya
78%
France Corsica
78%
Belgium Flanders
78%
Spain Galicia
78%
United Kingdom Isle of Man
78%
United Kingdom Northern Ireland
78%
United Kingdom Wales
78%
United Kingdom Cornwall
67%
Russia Dagestan
67%
Bosnia and Herzegovina Republika Srpska
67%
Italy Sicily
67%
Moldova Transnistria
67%
Belgium Wallonia
67%
Netherlands Frisia
56%
Italy Lombardy
56%
Germany Saxony
56%
Moldova Gagauzia
33%
Russia Tatarstan
33%
Italy Veneto
33%
Italy Friuli
22%
Bosnia and Herzegovina Herzeg-Bosnia
11%
No matching quizzes found
Score Distribution
Percent of People with Each Score
Percentile by Number Answered
Your Score History
You have not taken this quiz since the last reset